000 00608nam a2200157Ia 4500
008 210716s1999 xx 000 0 und d
020 _a0814479871
041 _aeng
082 _a659.2092 HOLS
100 _aHoltz, Shel.
245 _aPublic relations on the net: winning strategies to inform and influence the media, the investment community, the government, the public, and more.
_bWinning strategies to inform and influence the media, the investment community, the government, the public, and more.
250 _a1
260 _aNew York
_bAMACOM
_c1999
300 _axiii,332
650 _aAdvertising
999 _c197993
_d197993